MARC details
| 000 -LEADER |
| fixed length control field |
02781cam a2200481 a 4500 |
| 001 - CONTROL NUMBER |
| control field |
15766670 |
| 005 - DATE AND TIME OF LATEST TRANSACTION |
| control field |
20100224140250.0 |
| 008 - FIXED-LENGTH DATA ELEMENTS--GENERAL INFORMATION |
| fixed length control field |
090608s2010 enk b 001 0 eng |
| 010 ## - LIBRARY OF CONGRESS CONTROL NUMBER |
| LC control number |
2009023513 |
| 015 ## - NATIONAL BIBLIOGRAPHY NUMBER |
| National bibliography number |
GBA926161 |
| Source |
bnb |
| 016 7# - NATIONAL BIBLIOGRAPHIC AGENCY CONTROL NUMBER |
| Record control number |
014927372 |
| Source |
Uk |
| 020 ## - INTERNATIONAL STANDARD BOOK NUMBER |
| International Standard Book Number |
9780415776554 (hbk.) |
| 020 ## - INTERNATIONAL STANDARD BOOK NUMBER |
| International Standard Book Number |
0415776554 (hbk.) |
| 020 ## - INTERNATIONAL STANDARD BOOK NUMBER |
| International Standard Book Number |
9780415776547 (pbk.) |
| 020 ## - INTERNATIONAL STANDARD BOOK NUMBER |
| International Standard Book Number |
0415776546 (pbk.) |
| 020 ## - INTERNATIONAL STANDARD BOOK NUMBER |
| International Standard Book Number |
9780203863961 (ebk.) |
| 020 ## - INTERNATIONAL STANDARD BOOK NUMBER |
| International Standard Book Number |
0203863968 (ebk.) |
| 035 ## - SYSTEM CONTROL NUMBER |
| System control number |
(OCoLC)ocn213446284 |
| 040 ## - CATALOGING SOURCE |
| Original cataloging agency |
DLC |
| Transcribing agency |
DLC |
| Modifying agency |
BTCTA |
| -- |
BAKER |
| -- |
NLGGC |
| -- |
YDXCP |
| -- |
OCLCQ |
| -- |
BWKUK |
| -- |
UKM |
| -- |
NLA |
| -- |
DLC |
| 043 ## - GEOGRAPHIC AREA CODE |
| Geographic area code |
n-us--- |
| -- |
e------ |
| 050 00 - LIBRARY OF CONGRESS CALL NUMBER |
| Classification number |
E184.M88 |
| Item number |
M868 2010 |
| 082 00 - DEWEY DECIMAL CLASSIFICATION NUMBER |
| Edition number |
22 |
| Classification number |
305.697091821 |
| Item number |
MUS |
| 245 00 - TITLE STATEMENT |
| Title |
Muslims in the West after 9/11: |
| Statement of responsibility, etc |
Edited by Jocelyne Cesari. |
| Remainder of title |
religion, politics, and law / |
| 260 ## - PUBLICATION, DISTRIBUTION, ETC. (IMPRINT) |
| Place of publication, distribution, etc |
London : |
| Name of publisher, distributor, etc |
Routledge, |
| Date of publication, distribution, etc |
c2010. |
| 300 ## - PHYSICAL DESCRIPTION |
| Extent |
viii, 253 p. ; |
| Dimensions |
25 cm. |
| 490 #0 - Series Statement |
| Series statement |
Routledge studies in liberty and security |
| 504 ## - BIBLIOGRAPHY, ETC. NOTE |
| Bibliography, etc |
Includes bibliographical references and index. |
| 505 00 - FORMATTED CONTENTS NOTE |
| Title |
Securitization of Islam in Europe / |
| Statement of responsibility |
Jocelyne Cesari -- |
| Title |
Islam in America / |
| Statement of responsibility |
Jane I. Smith -- |
| Title |
The war on terror and muslims in the west / |
| Statement of responsibility |
Mahmood Monshipouri -- |
| Title |
Bush's political fundamentalism and the war against militant Islam: the US-European divide / |
| Statement of responsibility |
Dirk Nabers and Robert G. Patman -- |
| Title |
The liberal roots of the American empire / |
| Statement of responsibility |
Michael C. Desch -- |
| Title |
Welcoming muslims into the nation: tolerance, politics and integration in Germany / |
| Statement of responsibility |
Frank Peter -- |
| Title |
Shari'a and the future of secular Europe / |
| Statement of responsibility |
Jocelyne Cesari -- |
| Title |
American muslims at the dawn of the 21st century: hope and pessimism in the drive for civic and political inclusion / |
| Statement of responsibility |
Louise Cainkar -- |
| Title |
The concept of the muslim enemy in the public discourse / |
| Statement of responsibility |
Yasemin Shooman and Riem Spielhaus -- |
| Title |
Islamic radicalism in Europe / |
| Statement of responsibility |
Farhad Khosrokhavar. |
| 650 #0 - SUBJECT ADDED ENTRY--TOPICAL TERM |
| Topical term or geographic name as entry element |
Muslims |
| Geographic subdivision |
United States |
| General subdivision |
Religion. |
| 9 (RLIN) |
12708 |
| 650 #0 - SUBJECT ADDED ENTRY--TOPICAL TERM |
| Topical term or geographic name as entry element |
Muslims |
| General subdivision |
Political activity |
| Geographic subdivision |
United States. |
| 9 (RLIN) |
12709 |
| 650 #0 - SUBJECT ADDED ENTRY--TOPICAL TERM |
| Topical term or geographic name as entry element |
Muslims |
| General subdivision |
Legal status, laws, etc. |
| Geographic subdivision |
United States. |
| 9 (RLIN) |
12710 |
| 650 #0 - SUBJECT ADDED ENTRY--TOPICAL TERM |
| Topical term or geographic name as entry element |
Muslims |
| Geographic subdivision |
Europe |
| General subdivision |
Religion. |
| 9 (RLIN) |
12711 |
| 650 #0 - SUBJECT ADDED ENTRY--TOPICAL TERM |
| Topical term or geographic name as entry element |
Muslims |
| General subdivision |
Political activity |
| Geographic subdivision |
Europe. |
| 9 (RLIN) |
12712 |
| 650 #0 - SUBJECT ADDED ENTRY--TOPICAL TERM |
| Topical term or geographic name as entry element |
Muslims |
| General subdivision |
Legal status, laws, etc. |
| Geographic subdivision |
Europe. |
| 9 (RLIN) |
12713 |
| 650 #0 - SUBJECT ADDED ENTRY--TOPICAL TERM |
| Topical term or geographic name as entry element |
Islamic fundamentalism |
| Geographic subdivision |
United States. |
| 9 (RLIN) |
12714 |
| 650 #0 - SUBJECT ADDED ENTRY--TOPICAL TERM |
| Topical term or geographic name as entry element |
Islamic fundamentalism |
| Geographic subdivision |
Europe. |
| 9 (RLIN) |
12715 |
| 651 #0 - SUBJECT ADDED ENTRY--GEOGRAPHIC NAME |
| Geographic name |
United States |
| General subdivision |
Race relations. |
| 9 (RLIN) |
12716 |
| 651 #0 - SUBJECT ADDED ENTRY--GEOGRAPHIC NAME |
| Geographic name |
Europe |
| General subdivision |
Race relations. |
| 9 (RLIN) |
12717 |
| 700 1# - ADDED ENTRY--PERSONAL NAME |
| Personal name |
Cesari, Jocelyne. |
| 9 (RLIN) |
12718 |
| 942 ## - ADDED ENTRY ELEMENTS (KOHA) |
| Source of classification or shelving scheme |
Dewey Decimal Classification |
| Item type |
Book - Borrowing |